000 00618nam a2200181Ia 4500
008 090124s9999 xx 000 0 und d
082 _b111441
100 _aबापट सुधाकर
245 _a जेव्हां शेवंतीला बहर येतो
250 _a1
260 _c1965
300 _a146
600 _aबापट सुधाकर
630 _a जेव्हां शेवंतीला बहर येतो
700 _aबापट सुधाकर
730 _a जेव्हां शेवंतीला बहर येतो
942 _cBOOK
999 _c157532
_d157532